000 00701nam a22002417a 4500
005 20170124105931.0
010 _aA-286640
020 _c00.00
_a0297782665
035 _aA-286640
037 _bCen Lib/Ret
040 _aDPL
_bEN
082 _a330
_bLIP
100 _aLipsey, Richard G
_98185
245 _aAn introduction to positive economics /
_cby Richard G Lipsey
250 _a6th ed
260 _aLondon
_bWeidenfeld and Nicolson
_c1983
270 _a91 Clapham High Street
_bLondon
300 _axxv,790p.
_c22cm(Hb)
500 _aInclude index
650 _aEconomics
_98186
650 _aEconomics -- Problems, exercises, etc
_98187
942 _2ddc
_cEN
_h330
_mLIP
999 _c123832
_d123832